[Event "Jogos op do Parana - Japs"]
[Site "Francisco Beltrao"]
[Date "2009.10.30"]
[Round "6.7"]
[White "Egoroff, Jomar"]
[Black "Ferreira, Euclides Roberto"]
[Result "1-0"]
[WhiteElo "2251"]
[BlackElo "2061"]
[PlyCount "73"]
[EventDate "2009.10.27"]
[EventType "swiss"]
[EventRounds "7"]
[EventCountry "BRA"]
[SourceTitle "EXT 2022"]
[Source "ChessBase"]
[SourceDate "2021.10.06"]
[SourceVersion "1"]
[SourceVersionDate "2021.10.06"]
[SourceQuality "1"]

1. e4 c5 2. Nf3 d6 3. d4 cxd4 4. Nxd4 Nf6 5. Nc3 g6 6. Be3 Bg7 7. f3 0-0 8. Qd2 Nc6 9. 0-0-0 d5 10. exd5 Nxd5 11. Nxc6 bxc6 12. Bd4 e5 13. Bc5 Be6 14. Ne4 Re8 15. h4 h6 16. Bc4 Qc7 17. g4 Red8 18. Qf2 Nf4 19. Bxe6 Nxe6 20. Bd6 Qa5 21. a3 Nd4 22. g5 Qb6 23. Kb1 h5 24. c3 Nf5 25. Bc5 Qb3 26. Rd2 Rd5 27. Bxa7 Rb5 28. Bc5 Qe6 29. Rhd1 Ne7 30. Rd8+ Rxd8 31. Rxd8+ Kh7 32. Qc2 Nd5 33. c4 Rxc5 34. Nxc5 Qe7 35. Rd7 Qxc5 36. cxd5 Qg1+ 37. Qc1 1-0

[Event "American Continental 06th"]
[Site "Sao Paulo"]
[Date "2009.08.02"]
[Round "10"]
[White "Ferreira, Euclides Roberto"]
[Black "Estrada Nieto, Julian"]
[Result "1-0"]
[WhiteElo "1960"]
[BlackElo "2332"]
[PlyCount "107"]
[EventDate "2009.07.25"]
[EventType "swiss"]
[EventRounds "11"]
[EventCountry "BRA"]
[SourceTitle "EXT 2022"]
[Source "ChessBase"]
[SourceDate "2021.10.06"]
[SourceVersion "1"]
[SourceVersionDate "2021.10.06"]
[SourceQuality "1"]

1. e4 e5 2. Nf3 Nc6 3. d4 exd4 4. c3 d5 5. exd5 Qxd5 6. cxd4 Bb4+ 7. Nc3 Nf6 8. Be2 Bg4 9. 0-0 Bxc3 10. bxc3 0-0 11. h3 Bh5 12. Be3 Rfe8 13. Rb1 Qxa2 14. Rxb7 Nd5 15. Qd3 Bg6 16. Qb5 Nxc3 17. Bc4 Nxb5 18. Bxa2 a6 19. Bc4 Nd6 20. Rxc7 Nxc4 21. Rxc6 Nxe3 22. fxe3 Rxe3 23. Ra1 Bd3 24. Rc3 Rae8 25. Raa3 Rxf3 26. gxf3 Bb5 27. Ra2 Rd8 28. Rd2 Kf8 29. Rc7 Rd7 30. Rxd7 Bxd7 31. h4 Ke7 32. Kf2 Kd6 33. Rc2 a5 34. Rc5 a4 35. Ra5 Bc6 36. Ke3 h6 37. f4 g6 38. Kd3 f6 39. Kc4 Bd7 40. Ra6+ Ke7 41. Kc5 Be8 42. Kd5 Bf7+ 43. Kc6 Ke6 44. d5+ Kf5 45. d6 Be8+ 46. d7 Bxd7+ 47. Kxd7 g5 48. fxg5 hxg5 49. h5 g4 50. Ra5+ Kf4 51. h6 g3 52. h7 g2 53. Rxa4+ Kf3 54. Ra1 1-0

[Event "American Continental 06th"]
[Site "Sao Paulo"]
[Date "2009.07.26"]
[Round "2"]
[White "Ferreira, Euclides Roberto"]
[Black "Oliveira, Silvio Eduardo"]
[Result "0-1"]
[WhiteElo "1960"]
[BlackElo "2357"]
[PlyCount "56"]
[EventDate "2009.07.25"]
[EventType "swiss"]
[EventRounds "11"]
[EventCountry "BRA"]
[SourceTitle "CBM 132 Extra"]
[Source "ChessBase"]
[SourceDate "2009.11.03"]
[SourceVersion "1"]
[SourceVersionDate "2009.11.03"]
[SourceQuality "1"]

1. e4 c5 2. Nf3 Nc6 3. d4 cxd4 4. Nxd4 Nf6 5. Nc3 d6 6. Be2 e5 7. Nb3 Be7 8. 0-0 0-0 9. f4 exf4 10. Bxf4 Be6 11. Qe1 a5 12. Qg3 a4 13. Bh6 Ne8 14. Nd2 Bh4 15. Qe3 gxh6 16. Nf3 Bg5 17. Qf2 a3 18. Nxg5 hxg5 19. b3 Ne5 20. Rad1 Rc8 21. Nb5 Rxc2 22. Nd4 Qc8 23. Nxc2 Qxc2 24. Bb5 Qxe4 25. Rd4 Qg6 26. Ra4 Nc7 27. Qb6 Nxb5 28. Qxb5 Bd7 0-1

[Event "American Continental 06th"]
[Site "Sao Paulo"]
[Date "2009.07.25"]
[Round "1"]
[White "Santiago, Yago de Moura"]
[Black "Ferreira, Euclides Roberto"]
[Result "0-1"]
[WhiteElo "2327"]
[BlackElo "1960"]
[PlyCount "46"]
[EventDate "2009.07.25"]
[EventType "swiss"]
[EventRounds "11"]
[EventCountry "BRA"]
[SourceTitle "CBM 132 Extra"]
[Source "ChessBase"]
[SourceDate "2009.11.03"]
[SourceVersion "1"]
[SourceVersionDate "2009.11.03"]
[SourceQuality "1"]

1. e4 c5 2. Nf3 d6 3. d4 cxd4 4. Nxd4 Nf6 5. Nc3 g6 6. Be3 Bg7 7. f3 0-0 8. Qd2 Nc6 9. Bc4 Bd7 10. 0-0-0 Ne5 11. Bb3 Qa5 12. Kb1 Rfc8 13. h4 Nc4 14. Bxc4 Rxc4 15. g4 b5 16. e5 b4 17. exf6 bxc3 18. Qd3 Rb8 19. Bc1 Rxd4 20. Qxd4 Bxf6 21. Qd5 Qa4 22. Rhe1 Bc6 23. Qd3 Rxb2+ 0-1